<?xml version="1.0" encoding="UTF-8"?>
<collection xmlns="http://www.loc.gov/MARC21/slim">
    <record>
        <controlfield tag="001">64643</controlfield>
        <controlfield tag="005">20180207125353.0</controlfield>
        <datafield tag="037" ind1=" " ind2=" ">
            <subfield code="a">TAZ-TFM-2017-1025</subfield>
        </datafield>
        <datafield tag="041" ind1=" " ind2=" ">
            <subfield code="a">spa</subfield>
        </datafield>
        <datafield tag="100" ind1="1" ind2=" ">
            <subfield code="a">Ríos Ballarín, Úrsula</subfield>
        </datafield>
        <datafield tag="242" ind1="0" ind2="0">
            <subfield code="a">Intellectual disability and language. Implementation of an educational intervention project</subfield>
        </datafield>
        <datafield tag="245" ind1="0" ind2="0">
            <subfield code="a">Discapacidad intelectual y lenguaje. Puesta en marcha de un proyecto de intervención educativa</subfield>
        </datafield>
        <datafield tag="260" ind1=" " ind2=" ">
            <subfield code="a">Zaragoza</subfield>
            <subfield code="b">Universidad de Zaragoza</subfield>
            <subfield code="c">2017</subfield>
        </datafield>
        <datafield tag="506" ind1=" " ind2=" ">
            <subfield code="a">by-nc-sa</subfield>
            <subfield code="b">Creative Commons</subfield>
            <subfield code="c">3.0</subfield>
            <subfield code="u">http://creativecommons.org/licenses/by-nc-sa/3.0/</subfield>
        </datafield>
        <datafield tag="520" ind1=" " ind2=" ">
            <subfield code="a">El presente Trabajo de Fin de Máster versa sobre la discapacidad intelectual y la relación existente entre ella y el lenguaje y la comunicación, profundizando en los ámbitos propios del lenguaje: morfología, sintaxis, semántica y pragmática. El objetivo fundamental de este estudio es evaluar los ámbitos del lenguaje de las personas adultas con discapacidad intelectual para ver qué dificultades presentan en la comunicación. El objetivo secundario es mejorar las habilidades del lenguaje y comunicativas de las personas con discapacidad intelectual, para poder mejorar en todos los ámbitos de su vida, desde las relaciones interpersonales a su propio desarrollo personal. La hipótesis de este estudio parte de que las personas con discapacidad intelectual tienen menos desarrolladas las habilidades del lenguaje, siendo las que mayor afectación presentan la sintaxis y la pragmática. La metodología utilizada es el estudio de casos colectivo, seleccionados a través de un muestreo no probabilístico de conveniencia. Todo ello se lleva a cabo a partir de una muestra de diez sujetos, con mediciones descriptivas a partir de cuestionarios como el Mini-Examen Cognoscitivo (MEC), la Escala de inteligencia de Wechsler para adultos –III (WAIS-III), y la versión Screening Revisada de la Batería de Lenguaje Objetiva y Criterial (BLOC-SR), para posteriormente administrarles un programa de estimulación del lenguaje adecuado a sus necesidades.</subfield>
        </datafield>
        <datafield tag="521" ind1=" " ind2=" ">
            <subfield code="a">Máster Universitario en Estudios Avanzados sobre el Lenguaje, la Comunicación y sus Patologías</subfield>
        </datafield>
        <datafield tag="540" ind1=" " ind2=" ">
            <subfield code="a">Derechos regulados por licencia Creative Commons</subfield>
        </datafield>
        <datafield tag="700" ind1=" " ind2=" ">
            <subfield code="a">Ayllón Negrillo, Esther</subfield>
            <subfield code="e">dir.</subfield>
        </datafield>
        <datafield tag="710" ind1="2" ind2=" ">
            <subfield code="a">Universidad de Zaragoza</subfield>
            <subfield code="b">Psicología y Sociología</subfield>
            <subfield code="c"></subfield>
        </datafield>
        <datafield tag="856" ind1="0" ind2=" ">
            <subfield code="f">608796@celes.unizar.es</subfield>
        </datafield>
        <datafield tag="856" ind1="4" ind2=" ">
            <subfield code="s">3133929</subfield>
            <subfield code="u">http://zaguan.unizar.es/record/64643/files/TAZ-TFM-2017-1025.pdf</subfield>
            <subfield code="y">Memoria (spa)</subfield>
        </datafield>
        <datafield tag="909" ind1="C" ind2="O">
            <subfield code="o">oai:zaguan.unizar.es:64643</subfield>
            <subfield code="p">driver</subfield>
            <subfield code="p">trabajos-fin-master</subfield>
        </datafield>
        <datafield tag="950" ind1=" " ind2=" ">
            <subfield code="a"></subfield>
        </datafield>
        <datafield tag="951" ind1=" " ind2=" ">
            <subfield code="a">deposita:2018-02-07</subfield>
        </datafield>
        <datafield tag="980" ind1=" " ind2=" ">
            <subfield code="a">TAZ</subfield>
            <subfield code="b">TFM</subfield>
            <subfield code="c">FCHE</subfield>
        </datafield>
    </record>

    
</collection>